Ako sa v súčasnosti vyvíja ekonomika Nemecka. 2 Príloha Hospodárskych novín

Pokračovanie vo výklade o súčasnom priebehu hospodársko-ekonomického vývoja v Nemecku. Miera využitia kapacít spracovateľského priemyslu. Vývoj reálneho domáceho produktu.

Gespeichert in:
Bibliographische Detailangaben
1. Verfasser: Oberhauser, Ján Artur
Format: Buchkapitel
Sprache:Slowakisch
Schlagworte:
Tags: Tag hinzufügen
Keine Tags, Fügen Sie das erste Tag hinzu!

MARC

LEADER 00000naa a2200000 4500
001 r023281
005 20230801105944.8
041 0 |a slo 
044 |a SK 
245 1 0 |a Ako sa v súčasnosti vyvíja ekonomika Nemecka. 2  |b Príloha Hospodárskych novín  |c Ján Artur Oberhauser 
520 |a Pokračovanie vo výklade o súčasnom priebehu hospodársko-ekonomického vývoja v Nemecku. Miera využitia kapacít spracovateľského priemyslu. Vývoj reálneho domáceho produktu. 
610 2 0 |a Nemecko 
610 2 0 |a 1996 
610 2 0 |a situácia hospodárska 
610 2 0 |a rast hospodársky 
100 1 |a Oberhauser, Ján Artur